| 000 | 00510nam a2200157 a 4500 | ||
|---|---|---|---|
| 001 | 3822 | ||
| 003 | CDMR | ||
| 005 | 20130426104801.0 | ||
| 008 | 130130s1996||||||||||||||||||||||||||||d | ||
| 020 | _a8460502104 | ||
| 040 |
_aCDMR _bcat _cCDMR |
||
| 110 | 2 |
_92702 _aAsociación de Periodistas de Información Económica |
|
| 245 | 1 | 0 |
_aÉtica en la información _b: códigos de Conducta y Estatutos Profesionales (II) |
| 260 |
_aMadrid _c1996 _bAsociación de Periodistas de Información Económica |
||
| 942 |
_cMON _2udc |
||
| 999 |
_c3822 _d3822 |
||